| 000 | 00469nam a22001697a 4500 | ||
|---|---|---|---|
| 001 | T027600004361 | ||
| 008 | 181111b xve|||||r|||| 00| | esp d | ||
| 099 |
_aIVP-D-01011 _b |
||
| 100 | _aBáez, Martín Ely. | ||
| 245 | _aOpinión de la Norma 1986 para la evaluación de las gobernaciones. | ||
| 260 | _a | ||
| 500 | _aFotocopiado | ||
| 650 | _aGobiernos Locales--Norma 1986--Evaluación--Venezuela. | ||
| 650 | _aVenezuela | ||
| 650 | _aEspañol | ||
| 942 | _cLIB | ||
| 999 |
_c5501 _d5501 |
||